书目信息 |
| 题名: |
食品增味剂
|
|
| 作者: | 郭勇 , 郑穗平 编著 | |
| 分册: | ||
| 出版信息: | 北京 中国轻工业出版社 2000.09 |
|
| 页数: | 242页 | |
| 开本: | 19cm | |
| 丛书名: | 食品添加剂丛书 | |
| 单 册: | ||
| 中图分类: | TS202.3 | |
| 科图分类: | ||
| 主题词: | 食品增味剂--shi pin zeng wei ji , 食品添加剂--shi pin tian jia ji | |
| 电子资源: | ||
| ISBN: | 7-5019-2911-4 | |
| 000 | 01014nam 2200289 450 | |
| 001 | 012008864090 | |
| 005 | 20080315095822.28 | |
| 010 | @a7-5019-2911-4@dCNY18.00 | |
| 100 | @a20080315d2000 km y0chiy0120 ea | |
| 101 | 0 | @achi |
| 102 | @aCN@b110000 | |
| 105 | @ay a 000yy | |
| 106 | @ar | |
| 200 | 1 | @a食品增味剂@Ashi pin zeng wei ji@f郭勇, 郑穗平编著@Fguo yong,zheng sui ping bian zhu |
| 210 | @a北京@c中国轻工业出版社@d2000.09 | |
| 215 | @a242页@d19cm | |
| 225 | 2 | @a食品添加剂丛书@Ashi pin tian jia ji cong shu |
| 320 | @a有书目 (第242页)。 | |
| 330 | @a本书主要介绍各类食品增味剂的特性、生产技术应用技术,内容包括:食品增味剂的发展概况;氨基酸类增味剂;核苷酸类增味剂及其他类型增味剂。 | |
| 410 | 0 | @12001 @a食品添加剂丛书 |
| 606 | 0 | @a食品增味剂@Ashi pin zeng wei ji |
| 606 | 0 | @a食品添加剂@Ashi pin tian jia ji |
| 690 | @aTS202.3@v4 | |
| 701 | 0 | @a郭勇@Aguo yong@4编著 |
| 701 | 0 | @a郑穗平@Azheng sui ping@4编著 |
| 801 | 0 | @aCN@bQSSK@c20080315 |
| 905 | @b20283315-17@dTS202.3@eG862@f3 | |
| 食品增味剂/郭勇, 郑穗平编著.-北京:中国轻工业出版社,2000.09 |
| 242页;19cm.-(食品添加剂丛书) |
| ISBN 7-5019-2911-4:CNY18.00 |
| 本书主要介绍各类食品增味剂的特性、生产技术应用技术,内容包括:食品增味剂的发展概况;氨基酸类增味剂;核苷酸类增味剂及其他类型增味剂。 |
| ● |
| 相关链接 |
|
|
|
正题名:食品增味剂
索取号:TS202.3/G862
 
预约/预借
| 序号 | 登录号 | 条形码 | 馆藏地/架位号 | 状态 | 备注 |
| 1 | 283315 | 202833158 | 自科库501/501自科库 41排7列2层/ [索取号:TS202.3/G862] | 在馆 | |
| 2 | 283316 | 202833167 | 自科库501/501自科库 41排7列2层/ [索取号:TS202.3/G862] | 在馆 | |
| 3 | 283317 | 202833176 | 期刊室512/501自科库 41排7列2层/ [索取号:TS202.3/G862] | 在馆 |